|
|
|
|
| LEADER |
00000cam a2200000 i 4500 |
| 001 |
1/99116 |
| 008 |
950323s1994 gre d |
| 020 |
|
|
|a 9607022483
|
| 035 |
|
|
|l 10011181
|
| 040 |
|
|
|a GR-MyUa
|b gre
|e AACR2
|
| 041 |
0 |
|
|a gre
|
| 082 |
0 |
|
|a 938.6
|
| 100 |
1 |
|
|a Δρίκος, Θωμάς.
|
| 245 |
1 |
3 |
|a Οι πωλήσεις των οθωμανικών ιδιοκτησιών της Αττικής /
|c Θωμάς Δρίκος.
|
| 260 |
|
|
|a Αθήνα :
|b Τροχαλία,
|c 1994.
|
| 300 |
|
|
|a 199 σ. ;
|c 21 εκ.
|
| 650 |
|
0 |
|a Land tenure
|z Greece
|z Attike
|x History
|y 19th century.
|
| 650 |
|
0 |
|a Real property
|z Greece
|z Attike
|x History
|y 19th century.
|
| 852 |
|
|
|a INST
|b LESVOS
|e 19950323
|h 938.6 ΔΡΙ
|p 005100002112
|q 005100002112
|t BK
|y 0
|
| 970 |
|
|
|z 2000/06/ΟΙΚΟΝΟΜΟΠΟΥΛΟΥ ΧΡΙΣΤΙΝΑ
|